Statistiques concernant Drapeaux Emojis

Cliquez ici pour prendre le quiz!

Statistiques générales

  • Ce quiz a été pris 2,640 fois
  • Le résultat moyen est 23 sur 28

Statistiques - réponses

Drapeau Type Réponse % Correct
CountryFrance
100%
CountryEtats-Unis
99%
CountryCanada
99%
CountryEspagne
98%
CapitalParis
96%
CountryArgentine
96%
CountryIrlande
95%
CapitalMadrid
93%
CapitalWashington, D.C.
92%
CountryPologne
90%
CountryCroatie
88%
CountryMaroc
87%
CapitalDublin
85%
CountryDanemark
84%
CapitalOttawa
81%
CapitalBuenos Aires
80%
CapitalVarsovie
77%
CountryKenya
75%
CapitalCopenhague
72%
CapitalZagreb
71%
CountryBulgarie
71%
CountryVietnam
71%
CapitalRabat
67%
CountryMalaisie
65%
CapitalSofia
63%
CapitalNairobi
56%
CapitalHanoï
51%
CapitalKuala Lumpur
49%

Distribution des résultats

Percentile par nombre de réponses

% des personnes avec chaque résultat

Votre développement - résultats

Vous n’avez pas pris ce quiz